000 00277nam a2200109Ia 4500
005 20251222154315.0
008 251222s9999||||xx |||||||||||||| ||spa||
020 _a968-26-0000-6
082 _a570/B57
245 0 _aCiencias biolégicas: De las moléculas al hombre
942 _cLIB
999 _c33553
_d33553